Second Place Geography - Statistics

General Stats
  • This quiz has been taken 27 times
  • The average score is 12 of 15
Answer Stats
The worlds... 1st 2nd % Correct
1) Longest river (miles) Nile Amazon
100%
6) Biggest ocean Pacific Atlantic
100%
4) Largest country Russia Canada
100%
11) Most populated country India China
100%
13) Most followed religion Christianity Islam
96%
2) Tallest mountain Everest K2
96%
15) Largest continent Asia Africa
92%
8) Smallest country Vatican City Monaco
92%
10) Most spoken language English Mandarin
88%
14) Least populated country Vatican City Nauru
77%
7) Biggest island Greenland New Guinea
62%
3) Biggest city Tokyo Delhi
58%
5) Largest hot desert Sahara Arabian
54%
12) Largest airport (by air traffic) Atlanta Dubai
38%
9) Tallest building Burj Khalifa Merdeka 118
12%
No matching quizzes found
Score Distribution
Percent of People with Each Score
Percentile by Number Answered
Your Score History
You have not taken this quiz